| 000 | 01500nam a2200337 a 4500 | ||
|---|---|---|---|
| 001 | ebr10747424 | ||
| 003 | CaPaEBR | ||
| 006 | m o u | ||
| 007 | cr cn||||||||| | ||
| 008 | 120807s2013 njuad sb 001 0 eng d | ||
| 010 | _z 2012023641 | ||
| 020 | _z9781118169650 (cloth) | ||
| 020 | _z9781118632307 (e-book) | ||
| 040 |
_aCaPaEBR _cCaPaEBR |
||
| 035 | _a(OCoLC)856567226 | ||
| 050 | 1 | 4 |
_aTD430 _b.B386 2013eb |
| 082 | 0 | 4 |
_a628.1/66 _223 |
| 100 | 1 | _aBenjamin, Mark M. | |
| 245 | 1 | 0 |
_aWater quality engineering _h[electronic resource] : _bphysical/chemical treatment processes / _cMark M. Benjamin, Desmond F. Lawler. |
| 260 |
_aHoboken, N.J. : _bJohn Wiley & Sons, _c2013. |
||
| 300 |
_axxv, 878 p. : _bill. |
||
| 504 | _aIncludes bibliographical references and index. | ||
| 505 | 0 | _apt. I. Reactors and reactions in water quality engineering -- pt. II. Removal of dissolved constituents from water -- pt. III. Removal of particles from water -- pt. IV. Membrane-based water and wastewater treatment. | |
| 533 |
_aElectronic reproduction. _bPalo Alto, Calif. : _cebrary, _d2013. _nAvailable via World Wide Web. _nAccess may be limited to ebrary affiliated libraries. |
||
| 650 | 0 |
_aWater _xPurification. |
|
| 650 | 0 |
_aSewage _xPurification. |
|
| 655 | 7 |
_aElectronic books. _2local |
|
| 700 | 1 | _aLawler, Desmond F. | |
| 710 | 2 | _aebrary, Inc. | |
| 856 | 4 | 0 |
_uhttp://site.ebrary.com/lib/rucke/Doc?id=10747424 _zAn electronic book accessible through the World Wide Web; click to view |
| 999 |
_c15109 _d15109 |
||